Ako vytvoriť lovebrand

Značku, ktorú budú ľudia milovať, je potrebné tvoriť zvnútra firmy. Jej dôležitými piliermi je firemná kultúra a s ňou spojená DNA značky. Hodnotenia hostí sú neoddeliteľnou súčasťou pri budovaní lovebrandu. Vo svete marketingu sa značky stávajú médiami, zabávajú a edukujú. Ak chce byť firma svetová...

Descrizione completa

Salvato in:
Dettagli Bibliografici
Autore principale: Panyiová, Andrea
Natura: Capitolo di libro
Lingua:slovacco
Soggetti:
Tags: Aggiungi Tag
Nessun Tag, puoi essere il primo ad aggiungerne!!

MARC

LEADER 00000naa a2200000 4500
001 0254613
005 20190606140301.3
041 0 |a slo 
044 |a SK 
245 1 0 |a Ako vytvoriť lovebrand  |c Andrea Panyiová 
520 |a Značku, ktorú budú ľudia milovať, je potrebné tvoriť zvnútra firmy. Jej dôležitými piliermi je firemná kultúra a s ňou spojená DNA značky. Hodnotenia hostí sú neoddeliteľnou súčasťou pri budovaní lovebrandu. Vo svete marketingu sa značky stávajú médiami, zabávajú a edukujú. Ak chce byť firma svetová, musí vyjadriť postoj značky a dotknúť sa ľudských a spoločenských tém. Lovebrand má dušu a vzbudzuje emócie. 
610 2 0 |a značky 
610 2 0 |a budovanie značky 
610 2 0 |a marketing 
610 2 0 |a komunikácia marketingová 
610 2 0 |a emócie 
610 2 0 |a stránky webové 
610 2 0 |a hotely 
610 2 0 |a reputácia podniku 
610 2 0 |a spokojnosť zákazníkov 
100 1 |a Panyiová, Andrea